| 000 | 00554cam a22001697a 4500 | ||
|---|---|---|---|
| 008 | 180718b1991 xxu||||| |||| 00| 0 eng d | ||
| 082 | _aYA6x54 So64 | ||
| 100 | _aWorkshop on Technology transfer (November 11-22, 1991: New Delhi) | ||
| 245 |
_aProceedings _cedited by G.D. Sootha, S.K. Gupta and Jugal Kishor |
||
| 260 |
_aNew Delhi _bSolar Energy Centre _c1991 |
||
| 300 | _a262p. | ||
| 650 | _aTechnological innovations - India | ||
| 650 | _aTechnology transfer - India | ||
| 700 | _aJugal Kishor | ||
| 700 | _aGupta, S.K. | ||
| 700 | _aSootha, G.D. | ||
| 999 |
_c491816 _d491816 |
||